Život sira Winstona. /

Uložené v:
Podrobná bibliografia
Hlavný autor: Matějka, Jaroslav, 1927- (Author)
Médium: Kniha
Jazyk:Slovak
Vydané: Bratislava : Vydavateľstvo politickej literatúry, 1968.
Vydanie:1. vyd.
Edícia:Členská knižnica VPL
ISBN: (viaz.)
Fyzický popis: 662 s.
Tagy: Pridať tag
Žiadne tagy, Buďte prvý kto otaguje tento záznam!

MARC

LEADER 00000nam a2200000 a 4500
001 000180310
005 20100824193412.0
008 040101s1968 xo e slood
020 |a (viaz.)  |c Kčs 34,00 
040 |a SVKKK  |b slo  |c SVKKK  |e AACR2 
041 0 |a slo 
044 |a xo  |c SK 
100 1 |a Matějka, Jaroslav,  |d 1927-  |4 aut 
245 1 0 |a Život sira Winstona. /  |c Jaroslav Matějka. 
250 |a 1. vyd. 
260 |a Bratislava :  |b Vydavateľstvo politickej literatúry,  |c 1968. 
300 |a 662 s. 
490 1 |a Členská knižnica VPL 
830 0 |a Členská knižnica VPL 
910 |a svkkk 
998 |a BK 
090 |g SCKHL  |k Sklad Pribinova 2. posch.  |a II.167202  |j 395782  |i 180310-10  |s Absenčne 
090 |g SCKHL  |k Sklad Pribinova 2. posch.  |a II.167612  |i 180310-20  |s Absenčne 
090 |g SCKHL  |k Sklad Pribinova 2. posch.  |a II.167613  |i 180310-30  |s Absenčne